000 00322nam a22001217a 4500
008 230626b xxu||||| |||| 00| 0 eng d
082 _a332.1
_bCBK
100 _cCentral Bank of Kenya
245 _aQuarterly Statistical Bulletin
_bSeptember 1996
260 _bCentral Bank of Kenya
_c1996
300 _a57p
942 _2ddc
_cBK
999 _c2752
_d2752